UBT Library

TEACHING LEARNERS OF ENGLISH IN MAINSTREAM CLASSROOMS (Record no. 30661)

000 -LEADER
fixed length control field 00323nam a22001337a 4500
008 - FIXED-LENGTH DATA ELEMENTS--GENERAL INFORMATION
fixed length control field 170929b xxu||||| |||| 00| 0 eng d
020 ## - INTERNATIONAL STANDARD BOOK NUMBER
International Standard Book Number 2900205410599
041 ## - LANGUAGE CODE
Language code of text/sound track or separate title eng
080 ## - UNIVERSAL DECIMAL CLASSIFICATION NUMBER
Universal Decimal Classification number 37
100 ## - Rafti
Rafti 47
101 ## - Shkurtesa
Shkurtesa EDU
245 ## - TITLE STATEMENT
Title TEACHING LEARNERS OF ENGLISH IN MAINSTREAM CLASSROOMS
Statement of responsibility, etc LEVINE, L.N
942 ## - ADDED ENTRY ELEMENTS (KOHA)
Source of classification or shelving scheme
Item type Books
Holdings
Withdrawn status Lost status Source of classification or shelving scheme Damaged status Not for loan Collection code Permanent location Current location Shelving location Date acquired Total Checkouts Full call number Barcode Date last seen Price effective from Koha item type
          Koleksioni i përgjithshem UBT - Lipjan UBT - Lipjan Koleksioni i përgjithshem 09/29/2017   37 LEV 002-2921761 09/29/2017 09/29/2017 Books
UBT Library © 2015-2024. All rights reserved University Education for Business and Technology